Capitals of Countries map test - Statistics

General Stats
  • This quiz has been taken 8 times
  • The average score is 25 of 38
Answers on the Map
Answers color-coded by a green-red scale on the quiz's map according to % correct below.
 
Answer Stats
Answer % Correct
Amsterdam
100%
Ankara
100%
Baghdad
100%
Cairo
100%
Canberra
100%
Caracas
100%
Khartoum
100%
London
100%
Madrid
100%
Tokyo
100%
Abuja
80%
Islamabad
80%
Jakarta
80%
Kuala Lumpur
80%
Paris
80%
Pyongyang
80%
Riyadh
80%
Seoul
80%
Tehran
80%
Astana
60%
Beijing
60%
Berlin
60%
Dodoma
60%
Kabul
60%
Kinshasa
60%
Luanda
60%
New Delhi
60%
Pretoria
60%
Tashkent
60%
Abu Dhabi
40%
Accra
40%
Beirut
40%
Minsk
40%
Nairobi
20%
Aden
0%
Belgrade
0%
Brasillia
0%
Kyiv
0%
No matching quizzes found
Score Distribution
Percent of People with Each Score
Percentile by Number Answered
Your Score History
You have not taken this quiz